Country Shapes of Asia - Statistics

General Stats
  • This quiz has been taken 601 times
    594 since last reset
  • The average score is 41 of 49
Answer Stats
Picture Answer % Correct
India
99%
Japan
99%
China
98%
Indonesia
98%
Russia
97%
Vietnam
97%
Philippines
96%
Thailand
96%
Turkey
96%
Myanmar
93%
Pakistan
93%
Bangladesh
92%
Iran
92%
Sri Lanka
92%
Cyprus
91%
Israel
91%
Nepal
91%
Iraq
90%
Saudi Arabia
90%
Laos
89%
Malaysia
89%
Kazakhstan
88%
Yemen
88%
Maldives
87%
Afghanistan
86%
Jordan
86%
Oman
86%
Taiwan
85%
Mongolia
84%
South Korea
83%
Syria
82%
Uzbekistan
82%
United Arab Emirates
79%
Kyrgyzstan
78%
North Korea
78%
Tajikistan
78%
Turkmenistan
78%
Singapore
76%
Cambodia
74%
Azerbaijan
73%
Georgia
73%
Kuwait
73%
Timor-Leste
73%
Lebanon
70%
Bahrain
69%
Qatar
69%
Armenia
66%
Bhutan
66%
Brunei
66%
No matching quizzes found
Score Distribution
Percent of People with Each Score
Percentile by Number Answered
Your Score History
You have not taken this quiz since the last reset